| 000 | 00959nam0a22002411 4500 | ||
|---|---|---|---|
| 001 | rc\3045035 | ||
| 005 | 20250530023126.0 | ||
| 035 | _a(NLR Aleph) 007184848 | ||
| 090 |
_a7479087 _c7479087 |
||
| 100 | _a20111007d1940 |||y0rusy50 ca | ||
| 101 | 0 | _arus | |
| 102 | _aRU | ||
| 105 | _aa j ||||| | ||
| 200 | 1 |
_aТеловое оборудование предприятий общественного питания _eУтв. ВКВШ при СНК СССР в качестве учебника для Ин-та инженеров обществ. питания _fдоц. А.Н. Вышелесский |
|
| 210 |
_aМосква _cГосторгиздат _d1940 |
||
| 215 |
_a376 с. _cил., черт. _d23 см |
||
| 320 | _aБиблиогр.: с. 340 | ||
| 700 | 1 |
_aВышелесский _bА.Н. _gАлександр Николаевич |
|
| 801 | 0 |
_aRU _bNLR _gpsbo |
|
| 801 | 1 |
_aRU _bELAR _2rusmarc |
|
| 852 |
_aNLR _jТ66 В-5/3 |
||
| 942 | _cBOOK | ||
| 980 | _aNB | ||